<?xml version="1.0" encoding="UTF-8"?>
<record
    xmlns:xsi="http://www.w3.org/2001/XMLSchema-instance"
    xsi:schemaLocation="http://www.loc.gov/MARC21/slim http://www.loc.gov/standards/marcxml/schema/MARC21slim.xsd"
    xmlns="http://www.loc.gov/MARC21/slim">

  <leader>00972nam a2200241 a 4500</leader>
  <controlfield tag="003">CSPC</controlfield>
  <controlfield tag="005">20231115153406.0</controlfield>
  <controlfield tag="007">ta</controlfield>
  <controlfield tag="008">231115s2019    ph  d    m    000 0beng  </controlfield>
  <datafield tag="090" ind1=" " ind2=" ">
    <subfield code="a">UTH BSOA N623a</subfield>
  </datafield>
  <datafield tag="100" ind1=" " ind2=" ">
    <subfield code="a">Ni&#xF1;ofranco, Frances Mae.,</subfield>
    <subfield code="d">authoir.</subfield>
  </datafield>
  <datafield tag="245" ind1=" " ind2=" ">
    <subfield code="a">Awareness and acceptability of Camarines Sur Polytechnic Colleges Buhi Campus students to the new vision, mission goals and objectives / </subfield>
    <subfield code="c">Frances Mae Ni&#xF1;ofranco.</subfield>
  </datafield>
  <datafield tag="264" ind1=" " ind2=" ">
    <subfield code="a">Buhi, Camarines Sur :</subfield>
    <subfield code="b">Camarines Sur Polytechnic Colleges,</subfield>
    <subfield code="c">2019.</subfield>
  </datafield>
  <datafield tag="300" ind1=" " ind2=" ">
    <subfield code="a">xvi, 93 leaves :</subfield>
  </datafield>
  <datafield tag="502" ind1=" " ind2=" ">
    <subfield code="a">Undergraduate Theses (BSOA) Office Administration</subfield>
    <subfield code="c">Camarines Sur Polytechnic Colleges</subfield>
  </datafield>
  <datafield tag="700" ind1=" " ind2=" ">
    <subfield code="a">Gabalfin, Shara Mae.,</subfield>
    <subfield code="e">author.</subfield>
  </datafield>
  <datafield tag="720" ind1=" " ind2=" ">
    <subfield code="a">Luzon, April Z.,</subfield>
    <subfield code="e">adviser</subfield>
  </datafield>
  <datafield tag="720" ind1=" " ind2=" ">
    <subfield code="a">Dimabogte, Hejie A.,</subfield>
    <subfield code="e">panelsit chairperson</subfield>
  </datafield>
  <datafield tag="720" ind1=" " ind2=" ">
    <subfield code="a">Escolano, Emilda E.,</subfield>
    <subfield code="e">panelist member</subfield>
  </datafield>
  <datafield tag="720" ind1=" " ind2=" ">
    <subfield code="a">Bregala, Luningning Q.,</subfield>
    <subfield code="e">panelist member</subfield>
  </datafield>
  <datafield tag="942" ind1=" " ind2=" ">
    <subfield code="2">ddc</subfield>
    <subfield code="n">0</subfield>
    <subfield code="c">UM</subfield>
  </datafield>
  <datafield tag="952" ind1=" " ind2=" ">
    <subfield code="0">0</subfield>
    <subfield code="1">0</subfield>
    <subfield code="2">ddc</subfield>
    <subfield code="4">0</subfield>
    <subfield code="7">1</subfield>
    <subfield code="a">BUHI</subfield>
    <subfield code="b">BUHI</subfield>
    <subfield code="c">UTH</subfield>
    <subfield code="d">2023-11-15</subfield>
    <subfield code="l">0</subfield>
    <subfield code="o">UTH BSOA N623a</subfield>
    <subfield code="p">00010UM-BUH</subfield>
    <subfield code="r">2023-11-15 00:00:00</subfield>
    <subfield code="t">1-1</subfield>
    <subfield code="w">2023-11-15</subfield>
    <subfield code="y">UM</subfield>
  </datafield>
  <datafield tag="999" ind1=" " ind2=" ">
    <subfield code="c">26547</subfield>
    <subfield code="d">26547</subfield>
  </datafield>
</record>
